Intellectual radicalism after 1989 : crisis and re-orientation in the British and the American left /

Left-wing intellectuals in Britain and the US had long repudiated the Soviet regime. Why was the collapse of the Eastern Bloc experienced as a shock that destabilised their identities and political allegiances then? What happened to a collective project that had started out to formulate a socialist...

Full description

Bibliographic Details
Main Author: Berg, Sebastian
Corporate Author: JSTOR (Organization)
Format: eBook
Language:English
Language Notes:In English.
Published: Bielefeld : Transcript-Verlag, [2017]
Series:Edition Politik ; v. 32.
Subjects:
Online Access:Connect to the full text of this electronic book

MARC

Tag First Indicator Second Indicator Subfields
LEADER 00000cam a2200000Mi 4500
001 in00004635107
006 m o d
007 cr |||||||||||
008 170310s2017 gw ob 000 0 eng d
005 20230103223406.4
035 |a (OCoLC)ocn979948122 
040 |a DEGRU  |b eng  |e rda  |e pn  |c DEGRU  |d OCLCF  |d DEBSZ  |d IOG  |d OCLCQ  |d OCLCO  |d CHVBK  |d UAB  |d U3W  |d OAPEN  |d OCLCQ  |d DEGRU  |d JSTOR  |d UKKNU  |d KF5  |d ICN  |d CEF  |d BIBBD  |d OCLCQ  |d OCLCO  |d LOA  |d MERER  |d ZQP  |d OCLCQ  |d ERL  |d UKKNU  |d TEF  |d OCLCQ  |d TXR  |d UPM  |d DKC  |d OCLCO  |d OCLCQ  |d EBLCP  |d OCLCQ  |d OCLCO  |d SDB  |d OCL  |d SDF  |d OCLCO  |d OCLCQ  |d N$T  |d OCLCO 
019 |a 1023568716  |a 1041464826  |a 1125864051 
020 |a 9783839434185  |q (electronic bk.) 
020 |a 3839434181  |q (electronic bk.) 
020 |a 9783837634181  |q (electronic bk.) 
020 |a 3837634183  |q (electronic bk.) 
024 7 |a 10.14361/9783839434185  |2 doi 
035 |a (OCoLC)979948122  |z (OCoLC)1023568716  |z (OCoLC)1041464826  |z (OCoLC)1125864051 
037 |a 22573/ctv1dqcrc  |b JSTOR 
037 |a 100582  |b Knowledge Unlatched 
043 |a e-uk---  |a n-us--- 
050 4 |a HX244  |b .B47 2016 
072 7 |a HIS015000  |2 bisacsh 
072 7 |a HIS036000  |2 bisacsh 
072 7 |a SOC000000  |2 bisacsh 
072 7 |a SOC026000  |2 bisacsh 
072 7 |a POL  |x 010000  |2 bisacsh 
072 7 |a JHB  |2 bicssc 
082 0 4 |a 324.241/0975  |2 23 
049 |a TXAM 
100 1 |a Berg, Sebastian. 
245 1 0 |a Intellectual radicalism after 1989 :  |b crisis and re-orientation in the British and the American left /  |c Sebastian Berg. 
264 1 |a Bielefeld :  |b Transcript-Verlag,  |c [2017] 
264 4 |c ©2016 
300 |a 1 online resource (338 pages) 
336 |a text  |b txt  |2 rdacontent 
337 |a computer  |b c  |2 rdamedia 
338 |a online resource  |b cr  |2 rdacarrier 
347 |a text file  |b PDF  |2 rda 
490 1 |a Politik ;  |v volume 32 
500 |a Originally presented as the author's Habilitation--Technische Universität Chemnitz, 2012. 
505 0 |a Frontmatter -- Table of Contents -- I. Introduction: the Paradox of 1989 -- II. Analysing the Impact of 1989 on the British and the American Intellectual Left -- III. Crisis and Re-orientation: Evidence from the Journals -- IV. Between Radical Critique and Moderate Recommendations? -- V. Bibliography -- VI. Acknowledgements -- VII. Detailed Table of Contents. 
520 |a Left-wing intellectuals in Britain and the US had long repudiated the Soviet regime. Why was the collapse of the Eastern Bloc experienced as a shock that destabilised their identities and political allegiances then? What happened to a collective project that had started out to formulate a socialist vision different from both really existing socialism and social democracy? This study endeavours to answer both questions, focusing on generational networks rather than individuals and investigating political academic journals after 1989 to paint the picture of a Left deeply troubled by the triumph of a capitalism unfettered by any counter-force. 
546 |a In English. 
588 0 |a Online resource; title from PDF title page (publisher's Web site, viewed Feb. 24, 2017). 
542 1 |f This work is licensed under a Creative Commons license  |u https://creativecommons.org/licenses/by-nc-nd/4.0/legalcode 
542 1 |f This work is licensed by Knowledge Unlatched under a Creative Commons license  |u https://creativecommons.org/licenses/by-nc-nd/4.0/legalcode 
650 0 |a Communism and intellectuals  |z Great Britain  |x History. 
650 0 |a Communism and intellectuals  |z United States  |x History. 
650 0 |a Socialism  |z Great Britain  |x History. 
650 0 |a Socialism  |z United States  |x History. 
650 0 |a Radicalism  |z Great Britain  |x History. 
650 0 |a Radicalism  |z United States  |x History. 
650 6 |a Communisme et intellectuels  |z Grande-Bretagne  |x Histoire. 
650 6 |a Communisme et intellectuels  |z États-Unis  |x Histoire. 
650 6 |a Radicalisme  |z Grande-Bretagne  |x Histoire. 
650 6 |a Radicalisme  |z États-Unis  |x Histoire. 
650 7 |a Society and social sciences Society and social sciences.  |2 bicssc 
650 7 |a Sociology and anthropology.  |2 bicssc 
650 7 |a Sociology.  |2 bicssc 
650 7 |a POLITICAL SCIENCE  |x History & Theory.  |2 bisacsh 
650 7 |a Radicalism.  |2 fast  |0 (OCoLC)fst01087015 
650 7 |a Communism and intellectuals.  |2 fast  |0 (OCoLC)fst00870502 
650 7 |a Socialism.  |2 fast  |0 (OCoLC)fst01123637 
651 7 |a Great Britain.  |2 fast  |0 (OCoLC)fst01204623 
651 7 |a United States.  |2 fast  |0 (OCoLC)fst01204155 
655 7 |a Electronic books.  |2 local 
655 7 |a History.  |2 fast  |0 (OCoLC)fst01411628 
710 2 |a JSTOR (Organization) 
776 0 8 |i Print version:  |t Intellectual Radicalism after 1989, Crisis and Re-orientation in the British and the American Left.  |d Bielefeld, Germany:transcript Verlag, ©2017  |z 9783837634181 
830 0 |a Edition Politik ;  |v v. 32. 
856 4 0 |u https://www.jstor.org/stable/10.2307/j.ctv1fxdcc  |z Connect to the full text of this electronic book  |t 0 
955 |a JSTOR Open Access ebooks 
994 |a 92  |b TXA 
999 f f |s 2b3c4fcc-b046-40d3-a77b-6deaf94b3c2e  |i 642881bf-116b-4531-a444-e68d89995702  |t 0 
952 f f |a Texas A&M University  |b College Station  |c Electronic Resources  |d Available Online  |t 0  |e HX244 .B47 2016  |h Library of Congress classification 
998 f f |a HX244 .B47 2016  |t 0  |l Available Online